<?xml version="1.0" encoding="UTF-8"?>
<record
    xmlns:xsi="http://www.w3.org/2001/XMLSchema-instance"
    xsi:schemaLocation="http://www.loc.gov/MARC21/slim http://www.loc.gov/standards/marcxml/schema/MARC21slim.xsd"
    xmlns="http://www.loc.gov/MARC21/slim">

  <leader>01601nam0a2200313   4500</leader>
  <controlfield tag="001">RU\NLR\BIBL_A\011910841</controlfield>
  <controlfield tag="005">20190129112607.0</controlfield>
  <datafield tag="010" ind1=" " ind2=" ">
    <subfield code="a">978-5-8072-0148-5</subfield>
  </datafield>
  <datafield tag="021" ind1=" " ind2=" ">
    <subfield code="a">RU</subfield>
    <subfield code="b">&#x41A;&#x41D;-&#x41F;-18-093903</subfield>
    <subfield code="9">&#x41A;&#x41D;-&#x41F;-18-6812</subfield>
  </datafield>
  <datafield tag="035" ind1=" " ind2=" ">
    <subfield code="a">(NLR Aleph) 011910841</subfield>
  </datafield>
  <datafield tag="035" ind1=" " ind2=" ">
    <subfield code="a">(RuMoRGB)009832889</subfield>
  </datafield>
  <datafield tag="090" ind1=" " ind2=" ">
    <subfield code="a">10935358</subfield>
    <subfield code="c">10935358</subfield>
  </datafield>
  <datafield tag="100" ind1=" " ind2=" ">
    <subfield code="a">20190116d2018    u  y0rusy50      ca</subfield>
  </datafield>
  <datafield tag="101" ind1="1" ind2=" ">
    <subfield code="a">rus</subfield>
    <subfield code="c">und</subfield>
  </datafield>
  <datafield tag="102" ind1=" " ind2=" ">
    <subfield code="a">RU</subfield>
  </datafield>
  <datafield tag="105" ind1=" " ind2=" ">
    <subfield code="a">a|||zzzz000zy</subfield>
  </datafield>
  <datafield tag="200" ind1="1" ind2=" ">
    <subfield code="a">&#x41F;&#x440;&#x430;&#x43A;&#x442;&#x438;&#x447;&#x435;&#x441;&#x43A;&#x438;&#x439; &#x41A;&#x43E;&#x434;&#x435;&#x43A;&#x441; &#x418;&#x41C;&#x41E; / &#x41C;&#x41E;&#x422; / &#x415;&#x42D;&#x41A; &#x41E;&#x41E;&#x41D; &#x43F;&#x43E; &#x437;&#x430;&#x433;&#x440;&#x443;&#x437;&#x43A;&#x435; &#x433;&#x440;&#x443;&#x437;&#x43E;&#x432;&#x44B;&#x445; &#x442;&#x440;&#x430;&#x43D;&#x441;&#x43F;&#x43E;&#x440;&#x442;&#x43D;&#x44B;&#x445; &#x435;&#x434;&#x438;&#x43D;&#x438;&#x446; (&#x41A;&#x43E;&#x434;&#x435;&#x43A;&#x441; &#x413;&#x422;&#x415;)</subfield>
    <subfield code="d">IMO/ILO/UNECE Code of practice for packing of cargo transport units (CTU Code)</subfield>
    <subfield code="f">[&#x43F;&#x435;&#x440;&#x435;&#x432;&#x43E;&#x434;&#x447;&#x438;&#x43A;: &#x42E;. &#x412;. &#x412;&#x435;&#x43D;&#x438;&#x43A;&#x43E;&#x432;</subfield>
    <subfield code="g">&#x430;&#x432;&#x442;&#x43E;&#x440;&#x438;&#x437;&#x43E;&#x432;&#x430;&#x43D;&#x43D;&#x44B;&#x439; &#x43F;&#x435;&#x440;&#x435;&#x432;&#x43E;&#x434; &#x441; &#x430;&#x43D;&#x433;&#x43B;&#x438;&#x439;&#x441;&#x43A;&#x43E;&#x433;&#x43E; &#x44F;&#x437;&#x44B;&#x43A;&#x430; &#x43F;&#x43E;&#x434; &#x440;&#x435;&#x434;&#x430;&#x43A;&#x446;&#x438;&#x435;&#x439; &#x415;. &#x411;. &#x41A;&#x430;&#x440;&#x43F;&#x43E;&#x432;&#x438;&#x447;&#x430;]</subfield>
    <subfield code="z">eng</subfield>
  </datafield>
  <datafield tag="210" ind1=" " ind2=" ">
    <subfield code="a">&#x421;&#x430;&#x43D;&#x43A;&#x442;-&#x41F;&#x435;&#x442;&#x435;&#x440;&#x431;&#x443;&#x440;&#x433;</subfield>
    <subfield code="c">&#x426;&#x41D;&#x418;&#x418;&#x41C;&#x424;</subfield>
    <subfield code="d">2018</subfield>
  </datafield>
  <datafield tag="215" ind1=" " ind2=" ">
    <subfield code="a">181 &#x441;.</subfield>
    <subfield code="c">&#x438;&#x43B;., &#x442;&#x430;&#x431;&#x43B;., &#x446;&#x432;. &#x438;&#x43B;.</subfield>
    <subfield code="d">30</subfield>
  </datafield>
  <datafield tag="510" ind1="1" ind2=" ">
    <subfield code="a">IMO/ILO/UNECE Code of practice for packing of cargo transport units (CTU Code)</subfield>
    <subfield code="z">eng</subfield>
  </datafield>
  <datafield tag="606" ind1="1" ind2=" ">
    <subfield code="a">&#x41A;&#x43E;&#x43D;&#x442;&#x435;&#x439;&#x43D;&#x435;&#x440;&#x43D;&#x44B;&#x435; &#x43F;&#x435;&#x440;&#x435;&#x432;&#x43E;&#x437;&#x43A;&#x438;</subfield>
    <subfield code="j">&#x41D;&#x43E;&#x440;&#x43C;&#x430;&#x442;&#x438;&#x432;&#x43D;&#x44B;&#x435; &#x434;&#x43E;&#x43A;&#x443;&#x43C;&#x435;&#x43D;&#x442;&#x44B;</subfield>
    <subfield code="2">nlr_sh1</subfield>
    <subfield code="2">nlr_sh2</subfield>
    <subfield code="3">RU\NLR\AUTH\662470</subfield>
  </datafield>
  <datafield tag="606" ind1="1" ind2=" ">
    <subfield code="a">&#x41A;&#x43E;&#x43D;&#x442;&#x435;&#x439;&#x43D;&#x435;&#x440;&#x44B;</subfield>
    <subfield code="x">&#x41F;&#x43E;&#x433;&#x440;&#x443;&#x437;&#x43A;&#x430; &#x438; &#x432;&#x44B;&#x433;&#x440;&#x443;&#x437;&#x43A;&#x430;</subfield>
    <subfield code="j">&#x41D;&#x43E;&#x440;&#x43C;&#x430;&#x442;&#x438;&#x432;&#x43D;&#x44B;&#x435; &#x434;&#x43E;&#x43A;&#x443;&#x43C;&#x435;&#x43D;&#x442;&#x44B;</subfield>
    <subfield code="2">nlr_sh2</subfield>
    <subfield code="3">RU\NLR\AUTH\6601648233</subfield>
  </datafield>
  <datafield tag="686" ind1="1" ind2=" ">
    <subfield code="a">&#x41E;184.604&#x44F;82</subfield>
  </datafield>
  <datafield tag="702" ind1=" " ind2="1">
    <subfield code="a">&#x412;&#x435;&#x43D;&#x438;&#x43A;&#x43E;&#x432;</subfield>
    <subfield code="b">&#x42E;. &#x412;.</subfield>
    <subfield code="4">730</subfield>
  </datafield>
  <datafield tag="942" ind1=" " ind2=" ">
    <subfield code="c">BOOK</subfield>
  </datafield>
  <datafield tag="980" ind1=" " ind2=" ">
    <subfield code="a">NBR</subfield>
  </datafield>
  <datafield tag="980" ind1=" " ind2=" ">
    <subfield code="a">NB</subfield>
  </datafield>
</record>
